UM Logo

Integrated marketing communication and sales quata in different call center in digos city/ (Record no. 9694)

MARC details
000 -LEADER
fixed length control field 00673nam a22001697a 4500
008 - FIXED-LENGTH DATA ELEMENTS--GENERAL INFORMATION
fixed length control field 180714b ||||| |||| 00| 0 eng d
082 ## - DEWEY DECIMAL CLASSIFICATION NUMBER
Edition number 2018
Classification number UT 0917
Item number C75
100 ## - MAIN ENTRY--PERSONAL NAME
9 (RLIN) 28731
Personal name Constantino, Carina Y.
245 ## - TITLE STATEMENT
Title Integrated marketing communication and sales quata in different call center in digos city/
Statement of responsibility, etc. Carina Y. Constantino, Jason C. Narca and Jake M. Caupit
260 ## - PUBLICATION, DISTRIBUTION, ETC. (IMPRINT)
Place of publication, distribution, etc. Digos City:
Name of publisher, distributor, etc. UMDC
Date of publication, distribution, etc. April 2018.
300 ## - PHYSICAL DESCRIPTION
Extent 66 pages;
Other physical details 29 cm.
650 #0 - SUBJECT ADDED ENTRY--TOPICAL TERM
9 (RLIN) 28732
Topical term or geographic name as entry element Business Administration.
Form subdivision Marketing Management
General subdivision Undergraduate thesis
700 ## - ADDED ENTRY--PERSONAL NAME
9 (RLIN) 28733
Personal name Constantino, Carina Y.
700 ## - ADDED ENTRY--PERSONAL NAME
9 (RLIN) 28735
Personal name Narca, Jason C.
700 ## - ADDED ENTRY--PERSONAL NAME
9 (RLIN) 28738
Personal name Caupit, Jake M.
942 ## - ADDED ENTRY ELEMENTS (KOHA)
Source of classification or shelving scheme Dewey Decimal Classification
Koha item type Undergraduate Thesis
Holdings
Withdrawn status Lost status Source of classification or shelving scheme Damaged status Not for loan Home library Current library Date acquired Total Checkouts Full call number Barcode Date last seen Copy number Price effective from Koha item type
    Dewey Decimal Classification     UM Digos College - LIC UM Digos College - LIC 07/11/2018   UT 0917 C75 2018 0917 05/15/2025 1 07/14/2018 Undergraduate Thesis